<?xml version="1.0" encoding="UTF-8"?>
<record
    xmlns:xsi="http://www.w3.org/2001/XMLSchema-instance"
    xsi:schemaLocation="http://www.loc.gov/MARC21/slim http://www.loc.gov/standards/marcxml/schema/MARC21slim.xsd"
    xmlns="http://www.loc.gov/MARC21/slim">

  <leader>00562nam a22001457a 4500</leader>
  <controlfield tag="005">20231129124646.0</controlfield>
  <datafield tag="020" ind1=" " ind2=" ">
    <subfield code="a">6217212813</subfield>
    <subfield code="c">350.00</subfield>
  </datafield>
  <datafield tag="037" ind1=" " ind2=" ">
    <subfield code="a">Vishv Bhavan Publication </subfield>
  </datafield>
  <datafield tag="100" ind1=" " ind2=" ">
    <subfield code="a">Sunda,Nem Raj </subfield>
    <subfield code="9">59189</subfield>
  </datafield>
  <datafield tag="245" ind1=" " ind2=" ">
    <subfield code="a">Objective Agriculture (English)/</subfield>
    <subfield code="b">For UPSC, PSCs, ARS/SRF/URF, Pre PG &amp; PhD. Entrance Exam inations, and interviews of all Agriculture Services </subfield>
    <subfield code="c">Nem Raj Sunda </subfield>
  </datafield>
  <datafield tag="260" ind1=" " ind2=" ">
    <subfield code="a">Rajasthan </subfield>
    <subfield code="b">Vishv Bhavan Publication </subfield>
    <subfield code="c">2022</subfield>
  </datafield>
  <datafield tag="270" ind1=" " ind2=" ">
    <subfield code="a">Amarpura, Chamu, Jaipur- </subfield>
    <subfield code="b">Rajasthan</subfield>
    <subfield code="e">303804</subfield>
  </datafield>
  <datafield tag="300" ind1=" " ind2=" ">
    <subfield code="a">392p.</subfield>
    <subfield code="c">21cm.(Pbk)</subfield>
  </datafield>
  <datafield tag="942" ind1=" " ind2=" ">
    <subfield code="2">ddc</subfield>
    <subfield code="c">EN</subfield>
    <subfield code="m">SUN</subfield>
  </datafield>
  <datafield tag="999" ind1=" " ind2=" ">
    <subfield code="c">199302</subfield>
    <subfield code="d">199302</subfield>
  </datafield>
</record>
